Disaster in the desert (Record no. 20552)
[ view plain ]
| 000 -LEADER | |
|---|---|
| fixed length control field | 00289nam a22001097a 4500 |
| 082 ## - DEWEY DECIMAL CLASSIFICATION NUMBER | |
| Classification number | 309.22 326 6 SHE |
| 100 ## - MAIN ENTRY--PERSONAL NAME | |
| Personal name | SHEETS, H |
| 245 ## - TITLE STATEMENT | |
| Title | Disaster in the desert |
| 260 ## - PUBLICATION, DISTRIBUTION, ETC. | |
| Place of publication, distribution, etc. | New York |
| Name of publisher, distributor, etc. | The Carnegie Endowment for International peace |
| 300 ## - PHYSICAL DESCRIPTION | |
| Extent | vii,167p. |
| Other physical details | Ill.,Maps, 18cm. |
| 942 ## - ADDED ENTRY ELEMENTS (KOHA) | |
| Koha item type | Books |
| Withdrawn status | Lost status | Damaged status | Not for loan | Home library | Current library | Shelving location | Date acquired | Total Checkouts | Full call number | Barcode | Date last seen | Price effective from | Koha item type |
|---|---|---|---|---|---|---|---|---|---|---|---|---|---|
| Withdrawn | IFM Main Campus Library | IFM Main Campus Library | Archival Collection | 08/27/2019 | 309.22 326 6 SHE | 0000014967 | 08/27/2019 | 02/19/2022 | Books |
